| 000 | 00528nam a22002057a 4500 | ||
|---|---|---|---|
| 003 | OSt | ||
| 005 | 20140310184352.0 | ||
| 008 | 131007t xxu||||| |||| 00| 0 eng d | ||
| 020 | _a9780439576819 | ||
| 050 |
_aPZ 7 _b.W4333My 2005 |
||
| 100 |
_aWeil, Sylvie. _925226 |
||
| 245 |
_aMy guardian angel / _cSylvie Weil. |
||
| 260 |
_aUSA : _bScholastic Inc., _c2005 |
||
| 300 |
_a202 p. : _c22 cm. |
||
| 521 | _aG10 | ||
| 526 | _c850 | ||
| 650 |
_aGuardian angel _xFiction _925227 |
||
| 942 |
_2lcc _cBK-SCHOLAS |
||
| 999 |
_c33954 _d33954 |
||